[Event "DVM U12 2016"]
[Site "Magdeburg GER"]
[Date "2016.12.27"]
[Round "1"]
[White "Nitsche, Nikolai"]
[Black "Pahl, Theis"]
[Result "1/2-1/2"]
[Termination "normal"]
[Board "6.2"]
[WhiteElo "1314"]
[BlackElo "1729"]
[WhiteTeam "SV Empor Berlin"]
[BlackTeam "Delmenhorster SK"]
[PlyCount "73"]
[WhiteFideId "16221036"]
[BlackFideId "16201264"]
[EventCountry "GER"]
[EventRounds "7"]
[EventType "team-swiss"]
[EventDate "2016.12.26"]

1. d4 Nf6 2. Bf4 g6 3. Nf3 Bg7 4. e3 O-O 5. Be2 d6 6. h3 c5 7. c3 Nc6 8. O-O
cxd4 9. exd4 Qc7 10. Nbd2 e5 11. dxe5 dxe5 12. Bh2 Rd8 13. Re1 Bf5 14. Qb3 Rac8
15. Nc4 Nd5 16. Rad1 Nf4 17. Rxd8+ Rxd8 18. Ne3 Nxe2+ 19. Rxe2 Be6 20. Qc2 Qa5
21. b4 Qa3 22. b5 e4 23. Qxe4 Na5 24. Be5 Bxa2 25. Bxg7 Kxg7 26. Qc2 Be6 27.
Nd4 Bc4 28. Nxc4 Nxc4 29. Qd3 Nd6 30. Qe3 Re8 31. Nf5+ gxf5 32. Qg5+ Kf8 33.
Qh6+ Kg8 34. Qg5+ Kf8 35. Qh6+ Kg8 36. Qg5+ Kf8 37. Qh6+ 1/2-1/2

[Event "DVM U12 2016"]
[Site "Magdeburg GER"]
[Date "2016.12.27"]
[Round "1"]
[White "Sinnhöfer, Joshua"]
[Black "Beer, Ludwig"]
[Result "1/2-1/2"]
[Termination "normal"]
[Board "6.3"]
[WhiteElo "1486"]
[BlackElo "1235"]
[WhiteTeam "Delmenhorster SK"]
[BlackTeam "SV Empor Berlin"]
[PlyCount "119"]
[WhiteFideId "16201361"]
[BlackFideId "16202813"]
[EventCountry "GER"]
[EventRounds "7"]
[EventType "team-swiss"]
[EventDate "2016.12.26"]

1. e4 c5 2. Nf3 d6 3. d4 cxd4 4. Nxd4 Nf6 5. Nc3 g6 6. Be3 Bg7 7. f3 O-O 8. Bc4
Nc6 9. Qd2 Bd7 10. O-O-O Qb6 11. Ne6 Qa5 12. Nxf8 Rxf8 13. Bb3 Qc7 14. g4 Ne5
15. Rdf1 b5 16. g5 Nh5 17. Nd5 Qd8 18. Bxa7 Be6 19. Bb6 Qd7 20. Bd4 Bxd5 21.
Bxd5 Rd8 22. Qc3 Rc8 23. Qd2 b4 24. Bxe5 Bxe5 25. f4 Bg7 26. Qxb4 Qc7 27. Qb3
e6 28. Bxe6 fxe6 29. Qxe6+ Kh8 30. c4 Qxc4+ 31. Qxc4 Rxc4+ 32. Kb1 Rxe4 33. f5
gxf5 34. Rxf5 Rb4 35. b3 Rb8 36. Kc2 Ra8 37. a4 Rc8+ 38. Kd2 Bc3+ 39. Kd3 Ng7
40. Rd5 Be5 41. Rb5 Ne6 42. h4 Rc3+ 43. Kd2 Nc5 44. Rb1 Ne4+ 45. Ke2 Rh3 46.
Rxe5 dxe5 47. Rc1 Rxb3 48. h5 Ng3+ 49. Kf2 Nxh5 50. Ra1 Kg7 51. a5 Rb8 52. Kf3
Kg6 53. Ke4 Kxg5 54. Kxe5 Ng3 55. Kd6 Ra8 56. Kc7 h5 57. a6 h4 58. Kb7 Rxa6 59.
Kxa6 Kf4 60. Ra4+ 1/2-1/2

[Event "DVM U12 2016"]
[Site "Magdeburg GER"]
[Date "2016.12.27"]
[Round "1"]
[White "Eulenstein, Conrad"]
[Black "Sinnhöfer, Lilian"]
[Result "0-1"]
[Termination "normal"]
[Board "6.4"]
[WhiteElo "1133"]
[BlackElo "1319"]
[WhiteTeam "SV Empor Berlin"]
[BlackTeam "Delmenhorster SK"]
[PlyCount "116"]
[BlackFideId "12977586"]
[EventCountry "GER"]
[EventRounds "7"]
[EventType "team-swiss"]
[EventDate "2016.12.26"]

1. e4 e5 2. Nf3 Nc6 3. Bc4 Bc5 4. Nc3 Nf6 5. d3 d6 6. Bg5 h6 7. Bh4 O-O 8. Nd5
g5 9. Bg3 Na5 10. Bb3 Nxb3 11. axb3 c6 12. Nc3 Bg4 13. h3 Bh5 14. O-O a6 15.
Qe2 Qd7 16. Rfe1 Rae8 17. h4 g4 18. Nh2 Bg6 19. Na4 Ba7 20. Kh1 h5 21. Nc3 Nh7
22. f3 gxf3 23. gxf3 f5 24. Rf1 Kh8 25. Qd2 f4 26. Bf2 Bxf2 27. Qxf2 Bf7 28.
Rg1 Rg8 29. Rxg8+ Rxg8 30. Rg1 Nf8 31. Nd1 Qh3 32. Rxg8+ Kxg8 33. Qg2+ Qxg2+
34. Kxg2 Ng6 35. Nf2 Kg7 36. b4 Nxh4+ 37. Kf1 Ng6 38. Ke2 Nf8 39. c3 Nd7 40.
Nd1 Kg6 41. Nf2 Be6 42. Kf1 Kg5 43. Kg2 Kh4 44. Nf1 Nb6 45. Nd2 Na4 46. Nc4
Bxc4 47. dxc4 Nxb2 48. c5 dxc5 49. bxc5 a5 50. Kf1 a4 51. Ke2 a3 52. Nd3 Nxd3
53. Kxd3 a2 54. Kc2 a1=Q 55. Kd3 Qd1+ 56. Kc4 Kg3 57. Kb4 Qb1+ 58. Ka5 Qb5# 0-1

[Event "DVM U12 2016"]
[Site "Magdeburg GER"]
[Date "2016.12.27"]
[Round "1"]
[White "Waffenschmidt, Lars"]
[Black "Liebold, Aaron"]
[Result "1-0"]
[Termination "normal"]
[Board "7.1"]
[WhiteElo "1526"]
[BlackElo "1746"]
[WhiteTeam "SK Bebenhausen"]
[BlackTeam "ESV Gera"]
[PlyCount "127"]
[WhiteFideId "16244656"]
[BlackFideId "12997846"]
[EventCountry "GER"]
[EventRounds "7"]
[EventType "team-swiss"]
[EventDate "2016.12.26"]

1. e4 c5 2. d4 cxd4 3. c3 dxc3 4. Nxc3 Nc6 5. Nf3 d6 6. Bc4 Nf6 7. e5 dxe5 8.
Qxd8+ Nxd8 9. Nb5 Nc6 10. Nc7+ Kd8 11. Nxa8 Bf5 12. Ng5 Bg6 13. Bxf7 Kc8 14.
Bxg6 hxg6 15. Be3 Kb8 16. O-O-O Kxa8 17. Nf7 Rg8 18. Nxe5 e6 19. Nxc6 bxc6 20.
Rd8+ Kb7 21. Bg5 Kc7 22. Bxf6 gxf6 23. Rd3 Bh6+ 24. Kc2 Rg7 25. Rh3 Bf4 26. g3
Bd6 27. Rh6 Bc5 28. Kd3 Bb6 29. Ke4 Kd6 30. Rd1+ Kc7 31. h4 Bxf2 32. Kf3 Bc5
33. g4 f5 34. g5 e5 35. h5 gxh5 36. Rxh5 Bd4 37. b3 Kd7 38. Rd2 Ke7 39. Rg2 Kf7
40. Rh8 Rg6 41. Rc8 Ke7 42. Rc7+ Kd6 43. Rh7 Ke6 44. Rh5 Bb6 45. Rc2 c5 46. a3
e4+ 47. Kf4 Bc7+ 48. Ke3 Bd6 49. Rh6 Kf7 50. Rd2 Rxh6 51. gxh6 Be5 52. Rd5 Bd4+
53. Kf4 e3 54. Rxf5+ Kg6 55. Rg5+ Kxh6 56. Rg1 Bb2 57. a4 Bc3 58. Rg2 Bd4 59.
Ke4 Kh5 60. Kd5 Kh4 61. b4 Kh3 62. Rg8 e2 63. Re8 Bf2 64. Rxe2 1-0

[Event "DVM U12 2016"]
[Site "Magdeburg GER"]
[Date "2016.12.27"]
[Round "1"]
[White "Schubert, Nikita"]
[Black "Marx, Benedikt"]
[Result "1-0"]
[Termination "normal"]
[Board "7.2"]
[WhiteElo "1792"]
[BlackElo "1289"]
[WhiteTeam "ESV Gera"]
[BlackTeam "SK Bebenhausen"]
[PlyCount "121"]
[WhiteFideId "16212339"]
[BlackFideId "16255690"]
[EventCountry "GER"]
[EventRounds "7"]
[EventType "team-swiss"]
[EventDate "2016.12.26"]

1. d4 Nf6 2. Nf3 g6 3. g3 Bg7 4. Bg2 O-O 5. O-O d6 6. c4 Nfd7 7. Nc3 e5 8. d5
a5 9. e4 Na6 10. Ne1 Ndc5 11. a3 Bd7 12. f4 f5 13. Nd3 Nxd3 14. Qxd3 Nc5 15.
Qc2 Qe7 16. Be3 Nxe4 17. Nxe4 fxe4 18. Bxe4 b6 19. Rae1 Rab8 20. b4 axb4 21.
axb4 Ra8 22. c5 bxc5 23. bxc5 Bf5 24. Bxf5 Rxf5 25. g4 Rff8 26. cxd6 cxd6 27.
fxe5 Rxf1+ 28. Rxf1 Bxe5 29. Qf2 Re8 30. Bg5 Qf8 31. Qxf8+ Rxf8 32. Rxf8+ Kxf8
33. h3 Kg7 34. Kg2 h6 35. Be3 g5 36. Kf3 Kg6 37. Ke4 Kf6 38. Bd4 Bxd4 39. Kxd4
Ke7 40. Kc4 Kd7 41. Kb5 Kc7 42. Ka6 Kd7 43. Kb7 Kd8 44. Kc6 Ke7 45. Kc7 Ke8 46.
Kxd6 Kd8 47. Ke6 Ke8 48. d6 Kd8 49. d7 Kc7 50. Ke7 Kc6 51. d8=Q h5 52. Qd6+ Kb5
53. Qc7 hxg4 54. hxg4 Kb4 55. Kd6 Kb5 56. Qc5+ Ka4 57. Qb6 Ka3 58. Kc5 Ka2 59.
Kc4 Ka1 60. Kc3 Ka2 61. Qb2# 1-0

[Event "DVM U12 2016"]
[Site "Magdeburg GER"]
[Date "2016.12.27"]
[Round "1"]
[White "Kroh, Franz Alexander"]
[Black "Müller, Magnus"]
[Result "1-0"]
[Termination "normal"]
[Board "7.3"]
[WhiteElo "1277"]
[BlackElo "1599"]
[WhiteTeam "SK Bebenhausen"]
[BlackTeam "ESV Gera"]
[PlyCount "127"]
[BlackFideId "16230060"]
[EventCountry "GER"]
[EventRounds "7"]
[EventType "team-swiss"]
[EventDate "2016.12.26"]

1. e4 e5 2. Nf3 Nc6 3. Bc4 Bc5 4. c3 Nf6 5. d4 exd4 6. cxd4 Bb4+ 7. Bd2 Bxd2+
8. Nbxd2 d5 9. exd5 Nxd5 10. Qb3 Na5 11. Qa4+ c6 12. Qa3 Nxc4 13. Nxc4 Qe7+ 14.
Qxe7+ Kxe7 15. O-O Rd8 16. Rfe1+ Kf8 17. Rad1 f6 18. h3 b6 19. a3 Ba6 20. Ne3
Nxe3 21. fxe3 Rd7 22. Kf2 Rad8 23. Rd2 c5 24. Red1 cxd4 25. Rxd4 Rxd4 26. Rxd4
Ke7 27. Rxd8 Kxd8 28. Nd4 Kd7 29. g3 g6 30. Kf3 Kd6 31. e4 Kc5 32. Ke3 Kd6 33.
b4 Bc4 34. Kf4 a6 35. h4 b5 36. g4 h6 37. Nf3 Be2 38. Nd4 Bc4 39. Nf3 Be2 40.
Nd2 Bc4 41. g5 fxg5+ 42. hxg5 h5 43. Nf3 Be6 44. Ne5 h4 45. Nxg6 h3 46. Kg3 h2
47. Kxh2 Bf7 48. Nf4 Ke5 49. Kg3 Kxe4 50. g6 Bc4 51. Kg4 Kd4 52. g7 Kc3 53. Kf5
Kb3 54. Ke4 Bg8 55. Kd4 Kxa3 56. Kc5 Kb3 57. Ng6 Kc3 58. Ne7 Bf7 59. g8=Q Bxg8
60. Nxg8 Kb3 61. Nf6 Ka4 62. Nd5 a5 63. Nb6+ Kb3 64. bxa5 1-0

[Event "DVM U12 2016"]
[Site "Magdeburg GER"]
[Date "2016.12.27"]
[Round "1"]
[White "Helmsdorf, Marius"]
[Black "Öz, Mert"]
[Result "1-0"]
[Termination "normal"]
[Board "7.4"]
[WhiteElo "1301"]
[BlackElo "1216"]
[WhiteTeam "ESV Gera"]
[BlackTeam "SK Bebenhausen"]
[PlyCount "113"]
[WhiteFideId "16274873"]
[BlackFideId "16255704"]
[EventCountry "GER"]
[EventRounds "7"]
[EventType "team-swiss"]
[EventDate "2016.12.26"]

1. d4 d5 2. c4 e6 3. Nc3 Nf6 4. cxd5 exd5 5. Bg5 Be7 6. Nf3 h6 7. Bf4 O-O 8.
Qc2 Nbd7 9. e3 b6 10. Bd3 Bb7 11. O-O Rc8 12. Rac1 c5 13. dxc5 bxc5 14. Nd2 Qb6
15. b3 Qc6 16. Be2 d4 17. Bf3 Qb6 18. Na4 Qb5 19. Qc4 Qxc4 20. Nxc4 Bxf3 21.
gxf3 Rc6 22. Rc2 Nd5 23. Bg3 Rg6 24. Kh1 f5 25. Re1 Bd8 26. Bd6 Be7 27. Bxe7
Nxe7 28. exd4 Nd5 29. dxc5 Rc8 30. Rd2 N5f6 31. Nd6 Rc7 32. b4 a5 33. Nxf5 Kh8
34. a3 axb4 35. axb4 Rb7 36. Rd4 Kh7 37. c6 Ra7 38. cxd7 Nxd7 39. b5 Ra8 40.
Nc3 Nc5 41. Rb1 Ra3 42. Ne4 Nb7 43. Ned6 Na5 44. Rg4 Rxg4 45. fxg4 g6 46. Ne3
Rd3 47. Nec4 Kg7 48. b6 Kf6 49. Nxa5 Rxd6 50. b7 Rd8 51. b8=Q Rxb8 52. Rxb8 Kg5
53. h3 Kh4 54. Kg2 h5 55. f3 g5 56. Rb7 hxg4 57. Rh7# 1-0

[Event "DVM U12 2016"]
[Site "Magdeburg GER"]
[Date "2016.12.27"]
[Round "1"]
[White "Jakob, Georg"]
[Black "Meier, Silas"]
[Result "1-0"]
[Termination "normal"]
[Board "8.1"]
[WhiteElo "1778"]
[BlackElo "1535"]
[WhiteTeam "SG Königskinder Hohentübingen"]
[BlackTeam "Schachakademie Paderborn"]
[PlyCount "57"]
[WhiteFideId "16224221"]
[BlackFideId "16210662"]
[EventCountry "GER"]
[EventRounds "7"]
[EventType "team-swiss"]
[EventDate "2016.12.26"]

1. e4 c6 2. d4 d5 3. exd5 cxd5 4. c4 Nf6 5. Nc3 Nc6 6. Bg5 dxc4 7. d5 Ne5 8.
Nf3 Nxf3+ 9. Qxf3 h6 10. Bxf6 gxf6 11. Bxc4 a6 12. O-O Bg7 13. Rad1 O-O 14. Qh5
b5 15. Bb3 Bb7 16. Bc2 Bc8 17. Qf3 Bd7 18. Rfe1 b4 19. Ne2 Re8 20. Nd4 Rc8 21.
Qd3 Qb6 22. Qh7+ Kf8 23. Re3 f5 24. Ne6+ Bxe6 25. Rg3 Red8 26. Qxg7+ Ke8 27.
Ba4+ Rc6 28. Bxc6+ Qxc6 29. Qg8+ 1-0

[Event "DVM U12 2016"]
[Site "Magdeburg GER"]
[Date "2016.12.27"]
[Round "1"]
[White "Aptyka, Tim"]
[Black "Seedorf, Jasper Ole"]
[Result "1-0"]
[Termination "normal"]
[Board "8.3"]
[WhiteElo "1524"]
[BlackElo "785"]
[WhiteTeam "SG Königskinder Hohentübingen"]
[BlackTeam "Schachakademie Paderborn"]
[PlyCount "41"]
[WhiteFideId "16255860"]
[EventCountry "GER"]
[EventRounds "7"]
[EventType "team-swiss"]
[EventDate "2016.12.26"]

1. e4 e6 2. d4 d6 3. Nf3 Be7 4. Bb5+ c6 5. Bd3 Nf6 6. c4 b6 7. Nc3 Bb7 8. O-O
O-O 9. Bf4 Nbd7 10. e5 dxe5 11. Nxe5 Bd6 12. Nxf7 Qe7 13. Nxd6 Ba6 14. Re1 g5
15. Nf5 exf5 16. Rxe7 gxf4 17. Bxf5 Nb8 18. Be6+ Kh8 19. Qf3 Ng8 20. Bxg8 Kxg8
21. Qg4+ 1-0

[Event "DVM U12 2016"]
[Site "Magdeburg GER"]
[Date "2016.12.27"]
[Round "1"]
[White "Li, Xianquan"]
[Black "Dunder, Tim"]
[Result "0-1"]
[Termination "normal"]
[Board "8.4"]
[WhiteElo "856"]
[BlackElo "1198"]
[WhiteTeam "Schachakademie Paderborn"]
[BlackTeam "SG Königskinder Hohentübingen"]
[PlyCount "112"]
[WhiteFideId "16284356"]
[EventCountry "GER"]
[EventRounds "7"]
[EventType "team-swiss"]
[EventDate "2016.12.26"]

1. d4 Nf6 2. Nf3 d5 3. g3 e6 4. Bg2 Nc6 5. O-O Be7 6. Nbd2 O-O 7. e3 Re8 8. b3
b6 9. Bb2 Bb7 10. c3 Qd7 11. Qc2 Rad8 12. Rac1 Bd6 13. a3 Ne7 14. b4 c6 15. a4
Bc7 16. Ba3 Ng6 17. Rb1 Qd6 18. Rb3 Qd7 19. a5 Ra8 20. Qb2 Qd8 21. b5 Nd7 22.
bxc6 Bxc6 23. Bb4 Rb8 24. axb6 axb6 25. Qa3 Ra8 26. Qb2 Ba4 27. Ra3 Bb5 28. Qa2
Bxf1 29. Nxf1 Rxa3 30. Qxa3 Qa8 31. Qxa8 Rxa8 32. N1d2 b5 33. Nb3 Nb6 34. Nfd2
Ra2 35. Bf1 Nc4 36. Nxc4 bxc4 37. Nc5 Ba5 38. Na6 Bxb4 39. Nxb4 Ra1 40. Nc2 Rc1
41. Na3 Rxc3 42. Nb5 Rb3 43. Nd6 c3 44. Bd3 Ne7 45. Bc2 Rb2 46. Bd3 Rd2 47. Bb1
Rd1+ 48. Kg2 Rxb1 49. e4 c2 50. exd5 c1=Q 51. dxe6 fxe6 52. Ne4 Qf1+ 53. Kf3
Qd3+ 54. Kf4 Ng6+ 55. Kg5 Qxe4 56. f4 Qf5# 0-1

[Event "DVM U12 2016"]
[Site "Magdeburg GER"]
[Date "2016.12.27"]
[Round "1"]
[White "Stockmann, Till"]
[Black "Noever, Niklas"]
[Result "1/2-1/2"]
[Termination "normal"]
[Board "9.1"]
[WhiteElo "1688"]
[BlackElo "1648"]
[WhiteTeam "VfL Gräfenhainchen"]
[BlackTeam "Rheydter SV"]
[PlyCount "151"]
[WhiteFideId "12979341"]
[BlackFideId "12988642"]
[EventCountry "GER"]
[EventRounds "7"]
[EventType "team-swiss"]
[EventDate "2016.12.26"]

1. e4 c5 2. Nf3 Nc6 3. d4 cxd4 4. Nxd4 g6 5. Nc3 Bg7 6. Be3 Nf6 7. Bc4 d6 8.
Bb3 Ng4 9. Nxc6 bxc6 10. Bd2 O-O 11. O-O Nf6 12. Bf4 Nd7 13. Qd2 Nc5 14. Bh6
Bb7 15. Bxg7 Kxg7 16. Qd4+ f6 17. Rad1 Nxb3 18. axb3 Qb6 19. Qc4 Ba6 20. Qe6
Bxf1 21. Rxf1 Qc7 22. Ne2 Qb7 23. Nf4 Rf7 24. Qc4 Qb5 25. Qc3 Qe5 26. Qxc6 Raf8
27. Nd3 Qd4 28. Re1 Qb6 29. Qc4 Rb8 30. Nf4 Qb4 31. Qe2 Kg8 32. Qe3 Qc5 33. Qd3
Qe5 34. Nd5 e6 35. Nc3 Rc7 36. Rd1 Kf7 37. Qxd6 Qxd6 38. Rxd6 Ke7 39. Rd2 Rd7
40. Re2 Rbd8 41. f3 Rd2 42. Kf1 a6 43. Nd5+ R2xd5 44. exd5 Rxd5 45. Ke1 h5 46.
Re4 f5 47. Rc4 Rd6 48. g3 e5 49. Ke2 Kf6 50. Ra4 g5 51. Ke3 f4+ 52. Ke2 fxg3
53. hxg3 Kf5 54. Ke3 Rc6 55. c3 Rb6 56. b4 h4 57. gxh4 gxh4 58. Ra1 Rh6 59. Rh1
h3 60. c4 Rh4 61. b3 h2 62. Kf2 Rh7 63. Kg3 Rb7 64. Rxh2 Rxb4 65. Rb2 a5 66.
Ra2 Rxb3 67. Rxa5 Rc3 68. Rc5 Ke6 69. Kg4 Kd6 70. Rc8 Kd7 71. Rc5 Kd6 72. Rd5+
Ke6 73. f4 exf4 74. Rf5 Rxc4 75. Rxf4 Rxf4+ 76. Kxf4 1/2-1/2

[Event "DVM U12 2016"]
[Site "Magdeburg GER"]
[Date "2016.12.27"]
[Round "1"]
[White "Bartels, Simon"]
[Black "Helbig, Fabian Linus"]
[Result "1-0"]
[Termination "normal"]
[Board "9.2"]
[WhiteElo "1631"]
[BlackElo "1088"]
[WhiteTeam "Rheydter SV"]
[BlackTeam "VfL Gräfenhainchen"]
[PlyCount "141"]
[WhiteFideId "12990140"]
[BlackFideId "12993751"]
[EventCountry "GER"]
[EventRounds "7"]
[EventType "team-swiss"]
[EventDate "2016.12.26"]

1. e4 e5 2. Nf3 Nc6 3. Nc3 Nf6 4. Be2 Bb4 5. Nd5 Nxd5 6. exd5 Nd4 7. Nxd4 exd4
8. O-O O-O 9. c3 dxc3 10. dxc3 Bd6 11. Bd3 Qh4 12. h3 c6 13. Qf3 Bc7 14. Re1
cxd5 15. Qxd5 Bb6 16. Be3 Bc7 17. Bc5 d6 18. Bxd6 Be6 19. Rxe6 fxe6 20. Qxe6+
Kh8 21. Bxf8 Rxf8 22. Rf1 Bb6 23. g3 Bxf2+ 24. Rxf2 Qxg3+ 25. Rg2 Qxd3 26. Qg4
Qb1+ 27. Kh2 g6 28. Qd4+ Kg8 29. Qxa7 Qe4 30. Qd4 Qf3 31. Qg4 Qf1 32. b3 Rf4
33. Qc8+ Rf8 34. Qc4+ Qxc4 35. bxc4 Rc8 36. Rg4 Kg7 37. Rd4 Kf6 38. Kg3 Ke5 39.
Kf3 b5 40. Rd5+ Ke6 41. Rxb5 Rxc4 42. Rb3 Ra4 43. a3 Kd5 44. Rb5+ Kc6 45. Rb3
Kc5 46. Kg2 h5 47. Kg3 g5 48. Kf3 g4+ 49. hxg4 hxg4+ 50. Ke3 Ra5 51. Kd3 g3 52.
Rb4 g2 53. Rg4 Ra4 54. Rxg2 Rxa3 55. Rg5+ Kc6 56. Kd4 Ra2 57. Rg6+ Kc7 58. c4
Rd2+ 59. Kc5 Kd7 60. Rg7+ Kc8 61. Kc6 Rd8 62. c5 Kb8 63. Kb6 Ka8 64. c6 Rb8+
65. Ka6 Rc8 66. Ra7+ Kb8 67. Rb7+ Ka8 68. c7 Rxc7 69. Rxc7 Kb8 70. Kb6 Ka8 71.
Rc8# 1-0

[Event "DVM U12 2016"]
[Site "Magdeburg GER"]
[Date "2016.12.27"]
[Round "1"]
[White "Reyer, Moritz"]
[Black "Grunemann, Jonas"]
[Result "0-1"]
[Termination "normal"]
[Board "9.4"]
[WhiteElo "1019"]
[BlackElo "1019"]
[WhiteTeam "Rheydter SV"]
[BlackTeam "VfL Gräfenhainchen"]
[PlyCount "74"]
[BlackFideId "16255577"]
[EventCountry "GER"]
[EventRounds "7"]
[EventType "team-swiss"]
[EventDate "2016.12.26"]

1. e4 c5 2. Nf3 a6 3. Nc3 Nf6 4. d4 cxd4 5. Nxd4 e5 6. Nf3 Bb4 7. Bd3 d6 8. O-O
Bxc3 9. bxc3 Bg4 10. Bg5 O-O 11. Re1 Nc6 12. Bc4 b5 13. Bxf6 Qxf6 14. Bd5 Bxf3
15. Qxf3 Qxf3 16. gxf3 Rac8 17. Rab1 Ne7 18. Re3 Nxd5 19. exd5 f5 20. Rb4 f4
21. Rd3 Rf5 22. c4 bxc4 23. Rc3 Rc5 24. Rcxc4 Rxd5 25. Rb8+ Kf7 26. Ra8 Rd1+
27. Kg2 Rg5+ 28. Kh3 Rdg1 29. Kh4 Rg6 30. Rc7+ Kf6 31. Rf8+ Ke6 32. Re8+ Kd5
33. c4+ Kd4 34. Rxe5 Kxe5 35. Re7+ Kf6 36. Rf7+ Kxf7 37. c5 Rh6# 0-1

[Event "DVM U12 2016"]
[Site "Magdeburg GER"]
[Date "2016.12.27"]
[Round "1"]
[White "Henseler, Daniel"]
[Black "Metzdorf, Matteo"]
[Result "0-1"]
[Termination "normal"]
[Board "10.2"]
[WhiteElo "1089"]
[BlackElo "1308"]
[WhiteTeam "SK Neumarkt"]
[BlackTeam "SG Trier"]
[PlyCount "100"]
[BlackFideId "16209869"]
[EventCountry "GER"]
[EventRounds "7"]
[EventType "team-swiss"]
[EventDate "2016.12.26"]

1. e4 e6 2. Nc3 d5 3. exd5 exd5 4. d4 c6 5. Nf3 Bd6 6. h3 Bf5 7. Be2 Ne7 8. Be3
Nd7 9. a3 Qc7 10. Bd2 h6 11. Nh4 Bh7 12. b4 Nf6 13. b5 O-O 14. a4 Nf5 15. Nxf5
Bxf5 16. Qb1 Bf4 17. Bxf4 Qxf4 18. Qd1 Ne4 19. Nxe4 Qxe4 20. O-O Rae8 21. Bd3
Qe6 22. Re1 Qg6 23. Rxe8 Rxe8 24. Bxf5 Qxf5 25. c3 Re6 26. Qb3 Re7 27. c4 Re2
28. Rf1 Qc2 29. Qxc2 Rxc2 30. cxd5 cxd5 31. Rb1 Rc4 32. a5 Rxd4 33. a6 bxa6 34.
bxa6 Ra4 35. Rd1 Ra5 36. Kf1 Kf8 37. Ke2 Ke7 38. Kd3 Kd6 39. Rb1 Rxa6 40. Rb7
Ke6 41. Kd4 Ra4+ 42. Kd3 Ra2 43. Ke3 Ra4 44. g3 a5 45. Rb5 Re4+ 46. Kf3 a4 47.
Rb6+ Ke5 48. Ra6 Rb4 49. Ra5 Kd4 50. Kf4 Kc3+ 0-1

[Event "DVM U12 2016"]
[Site "Magdeburg GER"]
[Date "2016.12.27"]
[Round "1"]
[White "Felten, Maximilian"]
[Black "Henseler, Sebastian"]
[Result "1-0"]
[Termination "normal"]
[Board "10.3"]
[WhiteElo "1612"]
[BlackElo "769"]
[WhiteTeam "SG Trier"]
[BlackTeam "SK Neumarkt"]
[PlyCount "111"]
[WhiteFideId "4004949"]
[EventCountry "GER"]
[EventRounds "7"]
[EventType "team-swiss"]
[EventDate "2016.12.26"]

1. e4 e5 2. Nf3 Nc6 3. Bb5 d6 4. h3 Bd7 5. O-O Nd4 6. Nxd4 exd4 7. Bc4 Be6 8.
Bxe6 fxe6 9. c3 d3 10. Qf3 d5 11. Qxd3 dxe4 12. Qxe4 Nf6 13. Qxe6+ Qe7 14.
Qxe7+ Bxe7 15. d4 O-O 16. Re1 Rf7 17. Bf4 Nd5 18. Bg3 h6 19. Nd2 Bg5 20. Nf3
Bf4 21. Ne5 Re7 22. Bxf4 Nxf4 23. Kh2 Nh5 24. Nf3 Rxe1 25. Rxe1 c6 26. Re7 Rb8
27. Ne5 Kh7 28. Nd3 a6 29. Nc5 b6 30. Nd7 Rb7 31. Nf8+ Kg8 32. Rxb7 Kxf8 33.
Rxb6 a5 34. Rxc6 Nf4 35. Ra6 Nd3 36. b3 Nxf2 37. Rxa5 Ne4 38. c4 Nc3 39. d5 Ne4
40. b4 Ke8 41. c5 Kd8 42. d6 Kc8 43. Ra3 Kb7 44. Re3 Nd2 45. Kg1 Nc4 46. Rc3
Nd2 47. c6+ Kb6 48. c7 Nb1 49. Rc1 Nd2 50. c8=Q Nb3 51. Qc7+ Kb5 52. axb3 Kxb4
53. Qc5+ Kxb3 54. Rb1+ Ka2 55. Qc2+ Ka3 56. Qb3# 1-0

[Event "DVM U12 2016"]
[Site "Magdeburg GER"]
[Date "2016.12.27"]
[Round "1"]
[White "Reger, Christoph"]
[Black "Kirschweng, Luca"]
[Result "0-1"]
[Termination "normal"]
[Board "10.4"]
[WhiteElo "920"]
[BlackElo "1186"]
[WhiteTeam "SK Neumarkt"]
[BlackTeam "SG Trier"]
[PlyCount "88"]
[WhiteFideId "16287606"]
[BlackFideId "16262514"]
[EventCountry "GER"]
[EventRounds "7"]
[EventType "team-swiss"]
[EventDate "2016.12.26"]

1. e4 e6 2. Nc3 d5 3. exd5 exd5 4. Nf3 Nf6 5. d4 Be7 6. Bf4 Nc6 7. Bd3 Bg4 8.
O-O Bxf3 9. Qxf3 Nxd4 10. Qe3 Nxc2 11. Bxc2 d4 12. Qd3 dxc3 13. Qxd8+ Rxd8 14.
bxc3 Rd7 15. Rfd1 Rxd1+ 16. Rxd1 O-O 17. Bxc7 Rc8 18. Ba5 b6 19. Bb4 Bxb4 20.
cxb4 Kf8 21. Bf5 Rc4 22. a3 Ke7 23. Bxh7 Nxh7 24. Re1+ Kd6 25. Rd1+ Ke5 26.
Re1+ Kd4 27. f3 Kc3 28. Re3+ Kd4 29. Re4+ Kd5 30. Rxc4 Kxc4 31. f4 Kb3 32. Kf1
Kxa3 33. Ke1 Kxb4 34. Kd1 a5 35. Kc1 b5 36. Kb2 Kc4 37. Kc2 b4 38. g4 a4 39. h4
b3+ 40. Kb1 Kc3 41. Ka1 a3 42. g5 b2+ 43. Kb1 a2+ 44. Kxa2 Kc2 0-1

[Event "DVM U12 2016"]
[Site "Magdeburg GER"]
[Date "2016.12.27"]
[Round "2"]
[White "Nguyen, Alex Dac-Vuong"]
[Black "Marschall, Tillmann"]
[Result "1-0"]
[Termination "normal"]
[Board "1.1"]
[WhiteElo "2098"]
[BlackElo "1669"]
[WhiteClock "00:40:58"]
[BlackClock "00:37:32"]
[WhiteTeam "BSG Grün-Weiß Leipzig"]
[BlackTeam "SG Trier"]
[PlyCount "103"]
[WhiteFideId "12984388"]
[BlackFideId "12973220"]
[EventCountry "GER"]
[EventRounds "7"]
[EventType "team-swiss"]
[EventDate "2016.12.26"]

1. e4 c6 2. d4 d5 3. Nc3 dxe4 4. Nxe4 Bf5 5. Ng3 Bg6 6. h4 h6 7. Nh3 e6 8. Nf4
Bh7 9. Bc4 Nf6 10. O-O Bd6 11. Re1 O-O 12. c3 Nbd7 13. Nxe6 fxe6 14. Rxe6 Kh8
15. Rxd6 Ne8 16. Re6 Qxh4 17. Re1 Nef6 18. Be6 Rae8 19. Nf5 Bxf5 20. Bxf5 Rxe1+
21. Qxe1 Qh5 22. Bxd7 Nxd7 23. Be3 Nf6 24. f3 Nd5 25. Bd2 Qg6 26. Qe4 Qd6 27.
Re1 Nc7 28. Qe7 Ne8 29. Re6 Qxe7 30. Rxe7 Nd6 31. b3 Kh7 32. Kf2 Rf6 33. g4 Kg6
34. c4 Rf7 35. Re6+ Rf6 36. Rxf6+ Kxf6 37. a4 Nf7 38. Bf4 g6 39. Ke3 h5 40.
gxh5 gxh5 41. Bg3 Kg5 42. d5 h4 43. Bh2 cxd5 44. cxd5 Kf5 45. Bb8 a6 46. Kf2
Ng5 47. d6 Nh3+ 48. Kg2 Nf4+ 49. Kh2 Ne6 50. Kh3 Kg5 51. d7 b5 52. Bc7 1-0

[Event "DVM U12 2016"]
[Site "Magdeburg GER"]
[Date "2016.12.27"]
[Round "2"]
[White "Metzdorf, Matteo"]
[Black "Wagner, Leopold Franziskus"]
[Result "0-1"]
[Termination "normal"]
[Board "1.2"]
[WhiteElo "1308"]
[BlackElo "1769"]
[WhiteClock "00:31:07"]
[BlackClock "00:53:22"]
[WhiteTeam "SG Trier"]
[BlackTeam "BSG Grün-Weiß Leipzig"]
[PlyCount "114"]
[WhiteFideId "16209869"]
[BlackFideId "1641581"]
[EventCountry "GER"]
[EventRounds "7"]
[EventType "team-swiss"]
[EventDate "2016.12.26"]

1. d4 Nf6 2. Bf4 e6 3. Nf3 b6 4. e3 Bb7 5. Nbd2 d6 6. c3 Nbd7 7. Bd3 Qe7 8. Qa4
g6 9. h3 Bg7 10. e4 O-O 11. O-O e5 12. dxe5 dxe5 13. Bh2 Rfd8 14. Qc2 Nc5 15.
Nxe5 Nxd3 16. Nxd3 Qd7 17. Ne5 Qxd2 18. Qxd2 Rxd2 19. Nc4 Rd7 20. f3 Ba6 21. b3
Bxc4 22. bxc4 Ne8 23. Rad1 Rad8 24. Rd5 c6 25. Rxd7 Rxd7 26. e5 Rd2 27. Re1 Nc7
28. a4 Ne6 29. a5 Bf8 30. axb6 Bc5+ 31. Kh1 Bxb6 32. f4 Nc5 33. Bg1 Nd3 34. Rf1
Nf2+ 35. Kh2 Rd1 36. Rxf2 Bxf2 37. Bxf2 a5 38. Bc5 a4 39. Bb4 Ra1 40. g4 a3 41.
Bxa3 Rxa3 42. f5 gxf5 43. gxf5 Rxc3 44. e6 fxe6 45. fxe6 Rxc4 46. e7 Re4 47.
Kg3 c5 48. Kf3 Rxe7 49. h4 c4 50. h5 c3 51. h6 c2 52. Kf2 c1=Q 53. Kf3 Qf1+ 54.
Kg3 Re3+ 55. Kg4 Qf3+ 56. Kg5 Re5+ 57. Kh4 Rh5# 0-1